تخطي إلى المحتوى

Фольклор и фольклористика учебное пособие по русскому фольклору

محفوظ في:
التفاصيل البيبلوغرافية
المؤلف الرئيسي: Ельникова И. Г.
التنسيق: Книга
اللغة:Russian
منشور في: Новосибирск НГТИ 2010
الوصول للمادة أونلاين:https://e.lanbook.com/book/149021
https://e.lanbook.com/img/cover/book/149021.jpg
الوسوم: إضافة وسم
لا توجد وسوم, كن أول من يضع وسما على هذه التسجيلة!
LEADER 00910nam0a2200217 i 4500
001 149021
003 RuSpLAN
005 20221220174058.0
008 221220s2010 ru gs 000 0 rus
040 |a RuSpLAN 
041 0 |a rus 
044 |a ru 
245 0 0 |a Фольклор и фольклористика  |b учебное пособие по русскому фольклору  |c Ельникова И. Г. 
260 |a Новосибирск  |b НГТИ  |c 2010 
300 |a 66 с. 
504 |a Библиогр.: доступна в карточке книги, на сайте ЭБС Лань 
521 8 |a Книга из коллекции НГТИ - Языкознание и литературоведение 
100 1 |a Ельникова И. Г. 
856 4 |u https://e.lanbook.com/book/149021 
856 4 8 |u https://e.lanbook.com/img/cover/book/149021.jpg 
953 |a https://e.lanbook.com/img/cover/book/149021.jpg